000 02322nam0a2200361 4500
001 RU\NLR\BIBL_A\022656879
005 20260121105027.0
010 _a978-5-7046-3244-3
_9100
021 _aRU
_bКН-П-25-054214
_9КН-П-25-5230
035 _a(NLR Aleph) 022656879
090 _a13535714
_c13535714
100 _a20251029d2025 u y0rusy50 ca
101 0 _arus
102 _aRU
105 _aa j 010yy
181 0 _ai3
_baxxe
182 0 _an
200 1 _aТепловая генерация
_eособенности выбора оборудования и расчета основных технико-экономических показателей
_eучебное пособие
_eпо курсу "Экономика отрасли" для студентов, обучающихся по специальносям 38.03.01 "Экономика", 13.03.01 "Теплоэнергетика и теплотехника"
_fВ. В. Бологова, О. А. Лыкова, Ю. Г. Коломиец
_gМинистерство науки и высшего образования Российской Федерации, Национальный исследовательский университет "МЭИ"
203 _aТекст
_bвизуальный
_cнепосредственный
210 _aМосква
_cИзд-во МЭИ
_d2025
215 _a55 с.
_cил.
_d20
300 _aНа обл.: Моск. энергет. ин-т МЭИ. 1930. 95
320 _aБиблиогр.: с. 55 (5 назв.)
606 1 _aТеплоснабжение
_jУчебные издания для высших учебных заведений
_xТехнико-экономические исследования
_91823127
_3RU\NLR\AUTH\661116060
606 1 _aТепловая энергия
_jУчебные издания для высших учебных заведений
_xПроизводство
_92623766
_3RU\NLR\AUTH\661560326
686 1 _aЗ37-022.6я73-1
700 1 _aБологова
_bВ. В.
_gВалентина Владимировна
701 1 _aЛыкова
_bО. А.
_gОльга Александровна
701 1 _aКоломиец
_bЮ. Г.
_gЮлия Георгиевна
942 _cBOOK
980 _aNB